|
|
|
|
| LEADER |
00000nab a2200000 a 4500 |
| 001 |
vtls010687828 |
| 003 |
SK-MaSNL |
| 005 |
20260303090637.0 |
| 008 |
150623|20150605xo z||p 000 0 slo |
| 038 |
|
|
|a KEVKJB
|
| 040 |
|
|
|a KEVKJB
|b slo
|c KEVKJB
|e AACR2
|
| 041 |
0 |
|
|a slo
|
| 044 |
|
|
|a xo
|c SK
|
| 080 |
|
|
|a 908(437.672)
|2 2001
|
| 100 |
1 |
|
|a Kolcun, Milan,
|d 1969-
|4 aut
|9 105317
|
| 245 |
1 |
0 |
|a Košické legendy a fakty
|b nechajme sa ovanúť príbehmi, ktoré všeličo z histórie mesta svojsky vysvetľujú
|c Milan Kolcun
|
| 300 |
|
|
|b Fotogr.
|
| 650 |
0 |
7 |
|a Potulky mestom Košice (vlastivedné vychádzky)
|2 kevkjb
|9 1034805
|
| 650 |
0 |
7 |
|a legendy
|z Košice (Slovensko)
|2 kevkjb
|9 886598
|
| 651 |
|
7 |
|a Košice (Slovensko)
|2 kevkjb
|9 18694
|
| 773 |
0 |
|
|t košice:dnes
|g Roč. 2, č. 106 (5.6.2015), s. 10
|x 1339-7605
|
| 852 |
|
|
|a KEVKJB
|b KIS3GCP
|
| 856 |
4 |
1 |
|u http://www.kosicednes.sk/kosicke-legendy-a-fakty/
|
| 999 |
|
|
|c 1804140
|d 1806070
|